000 00257nam a2200097Ia 4500
001 712279
005 20250826162824.0
008 250824s9999 xx 000 0 und d
245 0 _aİSTANBUL, İLK ROMANIMDA LEYLAK
_cSELİM İLERİ
260 _bEVEREST YAYINLARI
999 _c712279
_d712279